Liedtext - Verrückt - Eisbrecher - Statistiken

Allgemein
  • Dieses Quiz wurde 6 mal gespielt
  • Das Durchschnittsergebnis liegt bei 260 aus 311
Antwortstatistiken
Antwort % Korrekt
bin
100%
(bin
100%
die
100%
Die
100%
ich
100%
Ich
100%
in
100%
ist
100%
mir
100%
nicht
100%
Nichts
100%
sein
100%
verrückt
100%
verrückt?)
100%
verrückt)
100%
wie
100%
wird
100%
Angst?
83%
der
83%
dir
83%
doch
83%
Du
83%
du
83%
Entscheidung
83%
früher
83%
gefallen
83%
Glück
83%
hast
83%
Ladung
83%
mehr
83%
nur
83%
Recht
83%
sag'
83%
sag
83%
sagst
83%
tickt
83%
und
83%
Zum
83%
(zum
83%
anders
67%
das
67%
Dein
67%
deine
67%
dich
67%
ein
67%
Es
67%
es
67%
ganz
67%
gut
67%
heißt
67%
hier
67%
ins
67%
krank?
67%
mach
67%
neben
67%
normal
67%
schlecht
67%
schon
67%
Spur
67%
weil
67%
Wer
67%
wer
67%
Ahnung
50%
angerichtet
50%
auf
50%
Bewährung
50%
Bruder
50%
dicht
50%
Fest
50%
geht's
50%
Gesicht
50%
glaubst
50%
hab'
50%
keine
50%
krieg'
50%
leck'
50%
Lippen
50%
mich
50%
nein
50%
peinlich
50%
prächtig
50%
quäl'
50%
Schlag
50%
schmeckst
50%
versteh'
50%
Was
50%
bedroh'
33%
erinnere
33%
Freispruch
33%
genug
33%
Glut
33%
hässlicher
33%
niemals
33%
schüre
33%
unersättlich
33%
Wunden
33%
Fass
17%
Plädiere
17%
Oh
0%
Keine übereinstimmenden Quizze gefunden
Verteilung der Resultate
Anzahl Personen mit jedem Resultat
Perzentil nach korrekt beantworteten Fragen
Ihre Resultats-Entwicklung
Sie haben dieses Quiz noch nicht gespielt